NCAA Institutions in Missouri - Statistics

General Stats
  • This quiz has been taken 30 times
  • The average score is 13 of 23
Answer Stats
Conference School Team Name % Correct
Division I SEC Missouri Tigers
100%
Division I Missouri Valley Missouri State Bears
100%
Division I Atlantic 10 Saint Louis Billikens
100%
Division I Ohio Valley Southeast Missouri State Redhawks
95%
Division I Summit Missouri-Kansas City Roos
89%
Division II MIAA Northwest Missouri State Bearcats
79%
Division II MIAA Central Missouri Mules
74%
Division I Ohio Valley Lindenwood Lions
63%
Division II Great Lakes Valley Missouri-St. Louis Tritons
58%
Division III UAA Washington-St. Louis Bears
53%
Division II Great Lakes Valley Truman State Bulldogs
47%
Division II Great Lakes Valley Maryville Saints
42%
Division II MIAA Missouri Southern State Lions
42%
Division II MIAA Missouri Western State Griffons
42%
Division III SLIAC Webster Gorloks
42%
Division II Great Lakes Valley Lincoln Blue Tigers
37%
Division II Great Lakes Valley Missouri Science and Technology Miners
37%
Division II Great Lakes Valley Rockhurst Hawks
37%
Division II Great Lakes Valley Drury Panthers
32%
Division III SLIAC Westminster Blue Jays
32%
Division III SLIAC Fontbonne Griffins
26%
Division II Great Lakes Valley Southwest Baptist Bearcats
26%
Division II Great Lakes Valley William Jewell Cardinals
26%
No matching quizzes found
Score Distribution
Percent of People with Each Score
Percentile by Number Answered
Your Score History
You have not taken this quiz